Gestión archivos electrónicos : (Registro nro. 3611)

Detalles MARC
000 -LEADER
fixed length control field 00871nam a2200217Ia 4500
003 - CONTROL NUMBER IDENTIFIER
control field OSt
005 - DATE AND TIME OF LATEST TRANSACTION
control field 20200326132752.0
008 - FIXED-LENGTH DATA ELEMENTS--GENERAL INFORMATION
fixed length control field 191128s2005 ck ad gr 001 0 spa d
020 ## - INTERNATIONAL STANDARD BOOK NUMBER
International Standard Book Number 9589766684
040 ## - CATALOGING SOURCE
Original cataloging agency CO-JMCR
Transcribing agency CO-JMCR
082 04 - DEWEY DECIMAL CLASSIFICATION NUMBER
Classification number 025.317 /
Item number G643g
100 1# - MAIN ENTRY--PERSONAL NAME
Personal name González Hernández, Sara,
Relator term autora
9 (RLIN) 1956
245 #0 - TITLE STATEMENT
Title Gestión archivos electrónicos :
Remainder of title situación en la administración central /
Statement of responsibility, etc. Sara González Hernández
260 ## - PUBLICATION, DISTRIBUTION, ETC.
Place of publication, distribution, etc. Bogotá :
Name of publisher, distributor, etc. Archivo General de la Nación,
Date of publication, distribution, etc. 2005
300 ## - PHYSICAL DESCRIPTION
Extent 97 páginas :
Other physical details ilustracione, gráficas a blanco y negro ;
Dimensions 24 cm.
505 ## - FORMATTED CONTENTS NOTE
Formatted contents note Antecedentes y consideraciones generales -- Análisis y descripción de los resultados -- Conclusiones y recomendaciones
546 ## - LANGUAGE NOTE
Language note spa
650 14 - SUBJECT ADDED ENTRY--TOPICAL TERM
Topical term or geographic name entry element Automatización de archivos
9 (RLIN) 1957
650 24 - SUBJECT ADDED ENTRY--TOPICAL TERM
Topical term or geographic name entry element Documentos electrónicos
General subdivision Organización
9 (RLIN) 1958
942 ## - ADDED ENTRY ELEMENTS (KOHA)
Source of classification or shelving scheme Dewey Decimal Classification
Koha item type Books
Existencias
Withdrawn status Lost status Source of classification or shelving scheme Materials specified (bound volume or other part) Damaged status Not for loan Home library Current library Date acquired Source of acquisition Cost, normal purchase price Total Checkouts Full call number Barcode Date last seen Copy number Price effective from Koha item type
    Dewey Decimal Classification Donación--10/04/2018--     Biblioteca Pública José María del Castillo y Rada Biblioteca Pública José María del Castillo y Rada 11/28/2019 Donación 0.00   025.317 / G643g 201807483 05/16/2024 Ej.1 11/28/2019 Books